| 000 | 00405nam a2200169Ia 4500 | ||
|---|---|---|---|
| 008 | 210210b1928 xxu||||| |||| 00| 0 eng d | ||
| 041 | _aeng | ||
| 082 | _a519/19 | ||
| 100 | _aBURNSIDE (William) | ||
| 245 | _aTheory of probability | ||
| 260 |
_aCambridge _bAt the University Press _c1928 |
||
| 650 | _aTheory | ||
| 650 | _aprobability | ||
| 650 | _aof | ||
| 690 | _aProbabilities | ||
| 906 | _a007880 | ||
| 999 |
_c140739 _d140739 |
||